000 01262nam a2200253Ia 4500
999 _c53618
_d53618
001 20665
003 GE_BSU
005 20210301181756.0
008 181216s2017||||ge |||||||||||||| ||geo||
020 _a9789941463488
040 _cGE_BSU
041 _ageo
080 _a821.353.1 ფ-32
100 _aფაღავა ბულეზი, ქრისტინე
_910276
245 _aერთი უჩვეულო ოჯახი :
_bნოე ჟორდანიას შვილიშვილის მოგონებები /
_cქრისტინე ფაღავა ბულეზი ; რედ. ნ. გორდელაძე.
264 _aთბილისი :
_bარტანუჯი,
_c2017.
300 _a230 გვ. ;
_bფოტოები,
_c23 სმ.
500 _aპირთა საძიებ. : გვ. 223-227
500 _aგეოგრ. სახელთა საძიებ. : გვ. 228-230
653 _aერთი უჩვეულო ოჯახი
653 _aნოე ჟორდანიას შვილიშვილის მოგონებები
700 _aგორდელაძე, ნ.
_eრედაქტორი
_910277
942 _cBK
_2udc